000 00559nam a22002177a 4500
003 UA-OsUOA
001 34753
007 ta
008 20051020b un ||||| |||| 00| 0 ukr d
090 _a34(091)
_bГ72
942 _cBK
040 _aUA-OsUOA
_bukr
_cUA-OsUOA
_dUA-OsUOA
245 _aГосподарський процесуальний Кодекс України
300 _a146 с.
955 _a1
041 _aukr
080 _a34(091)
260 _aК.
_c2003
650 7 _a34 Право. Юриспруденція
_2UDC
999 _c321184
_d321184